LEADER 02916oam 2200397 450 001 9910794416303321 005 20230104225329.0 010 $a1-63550-278-0 035 $a(CKB)4100000011788186 035 $a(MiAaPQ)EBC6499980 035 $a(EXLCZ)994100000011788186 100 $a20210820d2022 uy 0 101 0 $aeng 135 $aurcnu|||||||| 181 $ctxt$2rdacontent 182 $cc$2rdamedia 183 $acr$2rdacarrier 200 10$aAssessment of communication disorders in children $eresources and protocols /$fM.N. Hegde, Frances Pomaville 205 $aFourth edition. 210 1$aSan Diego, California :$cPlural Publishing,$d[2022] 210 4$d©2022 215 $a1 online resource (459 pages) 311 $a1-63550-266-7 327 $aAssessment of communication disorders in children -- Common assessment protocols -- Standardized assessment -- Alternative and integrated assessment -- Assessment of speech sound production : resources -- Assessment of speech sound production : protocols -- Assessment of language skills in children : resources -- Assessment of language skills : protocols -- Assessment of fluency disorders : resources -- Assessment of fluency disorders : protocols -- Assessment of voice : resources -- Assessment of voice : protocols -- Assessment of children with complex communication needs : resources -- Assessment of children with complex communication needs : protocols -- Assessment for augmentative and alternative communication systems -- A primer on literacy assessment. 330 $a"Assessment of Communication Disorders in Children: Resources and Protocols, Fourth Edition offers a unique combination of scholarly information, invaluable resources, and time-saving protocols on assessment of the full range of communication disorders in children, including nonverbal or minimally verbal children. Most resource books offer limited research and scholarly information, thus making them unsuitable as textbooks for academic courses on assessment and diagnosis. Similarly, most traditional textbooks do not include practical, easy-to-use, and time-saving resources and protocols that the practicing clinicians can readily use during assessment sessions. By combining the strengths of traditional texts with newer assessment resources and protocols, this one-of-a-kind book offers a single, comprehensive source that is suitable as a textbook and useful as a practical clinical resource"--$cProvided by publisher. 606 $aCommunicative disorders in children$xDiagnosis 615 0$aCommunicative disorders in children$xDiagnosis. 676 $a616.855075 700 $aHegde$b M. N$g(Mahabalagiri N.),$f1941-$0878301 801 0$bMiAaPQ 801 1$bMiAaPQ 801 2$bUtOrBLW 906 $aBOOK 912 $a9910794416303321 996 $aAssessment of communication disorders in children$93739026 997 $aUNINA LEADER 01252nam0 22003131i 450 001 UON00070273 005 20231205102347.894 010 $a08-13-37087-6 100 $a20020107d1986 |0itac50 ba 101 $aeng 102 $aUS 105 $a|||| ||||| 200 1 $aDrought and aid in the Sahel$eA decade of development cooperation$fCarolyn M. Somerville 210 $aBoulder$aLondon$cWestview Press$d1986 215 $a306 p.$d22 cm 410 1$1001UON00065764$12001 $aWestview special studies on Africa 606 $aASSISTENZA ECONOMICA$xSahel$3UONC020298$2FI 606 $aCARESTIE$xSahel$3UONC020299$2FI 620 $aUS$dBoulder (Colorado)$3UONL000135 676 $a338.91$cASSISTENZA ECONOMICA INTERNAZIONALE$v21 676 $a363.80967$cCARESTIE - Sahel$v21 700 1$aSOMERVILLE$bCarolyn M.$3UONV044637$0657996 712 $aWestview Press$3UONV256846$4650 801 $aIT$bSOL$c20240220$gRICA 899 $aSIBA - SISTEMA BIBLIOTECARIO DI ATENEO$2UONSI 912 $aUON00070273 950 $aSIBA - SISTEMA BIBLIOTECARIO DI ATENEO$dSI AOC ST 186 $eSI AA 9855 5 186 996 $aDrought and aid in the Sahel$91161285 997 $aUNIOR